Countries with M - Statistics

General Stats
  • This quiz has been taken 84 times
  • The average score is 46 of 54
Answer Stats
First Letter Answer % Correct
F Federated States of {Micronesia}
96%
Y Yemen
96%
Z Zambia
96%
M Mexico
94%
O Oman
94%
Z Zimbabwe
94%
A Armenia
91%
D Democratic Republic of the {Congo}
91%
M Mali
91%
M Morocco
91%
D Dominica
90%
D Dominican Republic
90%
G Germany
90%
J Jamaica
90%
M Malaysia
90%
M Malta
90%
R Romania
90%
M Madagascar
89%
M Monaco
89%
M Mozambique
89%
U United States of {America}
89%
D Denmark
87%
G Gambia
87%
P Panama
87%
S Somalia
87%
V Vietnam
87%
M Maldives
86%
M Mauritania
86%
M Moldova
86%
N Namibia
86%
B Bahamas
84%
M Mauritius
84%
M Mongolia
84%
M Myanmar
84%
N North Macedonia
84%
U United Kingdom
84%
C Cambodia
83%
L Luxembourg
83%
M Montenegro
83%
C Colombia
81%
G Guatemala
81%
M Malawi
81%
S San Marino
81%
T Turkmenistan
81%
M Marshall islands
79%
C Comoros
77%
S Suriname
77%
B Belgium
74%
C Cameroon
74%
U United Arab Emirates
74%
S Samoa
71%
E East timor
69%
S Sao Tome and Principe
64%
S Solomon islands
56%
No matching quizzes found
Score Distribution
Percent of People with Each Score
Percentile by Number Answered
Your Score History
You have not taken this quiz